| 000 | 01094nam a2200289 a 4500 | ||
|---|---|---|---|
| 001 | 000015331 | ||
| 005 | 20200929164020.0 | ||
| 008 | 100205s2007 dr 000 0 spa d | ||
| 020 | _z999340179x | ||
| 040 |
_aDO-SdBNP _bspa _cBNPHU |
||
| 082 |
_a342.7293039 _bR457L, 2007 |
||
| 100 | 1 |
_aReyes Cerda, Nelson, _d1943- _99301 |
|
| 245 | 1 | 0 |
_aLey constitucional dominicana a retazos / _cNelson Reyes Cerda. |
| 250 | _a4ª ed. | ||
| 260 |
_aSanto Domingo : _bEl Nuevo Diario, _c2007. |
||
| 300 |
_a211 p. ; _c212 cm. |
||
| 490 | 1 | _aEstudios de derecho constitucional | |
| 500 | _aIncluye datos biográficos del autor en la contracubierta. | ||
| 504 | _aBibliografía: p. 209-210. | ||
| 590 | _aInventariado, 2018/ YL | ||
| 650 | 4 |
_aLeyes _zRepública Dominicana _93033 |
|
| 650 | 4 |
_aInterpretación del derecho _99302 |
|
| 651 | 4 |
_aRepública Dominicana _xConstitución _xHistoria Y Crítica _910536 |
|
| 651 | 4 |
_aRepública Dominicana _zDerecho Constitucional _xHistoria Y Crítica _910537 |
|
| 830 | 0 |
_aEstudios de derecho constitucional _99304 |
|
| 910 | _aValidado. Control de calidad EMS | ||
| 999 |
_c14897 _d14897 |
||